Coronavirus Impact on Power Consumption - Data from the Czech Republic, Germany and Sweden

Analýza zmien sezónne upravenej spotreby energie po reštriktívnych opatreniach v Českej republike, Nemecku a Švédsku.

Salvato in:
Dettagli Bibliografici
Autore principale: Zezula, Jakub
Natura: Capitolo di libro
Lingua:inglese
Soggetti:
Tags: Aggiungi Tag
Nessun Tag, puoi essere il primo ad aggiungerne!!

MARC

LEADER 00000naa a2200000 4500
001 0273116
005 20210419091621.3
041 0 |a eng 
044 |a CZ 
245 1 0 |a Coronavirus Impact on Power Consumption - Data from the Czech Republic, Germany and Sweden  |c Jakub Zezula 
520 |a Analýza zmien sezónne upravenej spotreby energie po reštriktívnych opatreniach v Českej republike, Nemecku a Švédsku. 
610 2 0 |a koronavírus 
610 2 0 |a spotreba energie 
610 2 0 |a porovnanie štatistické medzinárodné 
610 2 0 |a trh energetický 
100 1 |a Zezula, Jakub